| 000 | 00430cam a2200169ua 4500 | ||
|---|---|---|---|
| 020 | _c00.55 | ||
| 041 |
_aeng _h |
||
| 082 |
_a400 _bURB/LA |
||
| 100 | _aUrban, Wilbur Marshall . | ||
| 245 |
_aLanguage and reality / _cWilbur Marshall URban. _hTextual Documents |
||
| 260 |
_aLondon : _bGeorge Allen & Unwin Ltd , _c1964. |
||
| 300 | _a750 ; . | ||
| 365 | _a00.55 | ||
| 504 | _a | ||
| 942 | _cBK | ||
| 999 |
_c12445 _d12445 |
||